THE COMPLETE BOOK OF YOGA (Record no. 22450)
[ view plain ]
| 000 -LEADER | |
|---|---|
| fixed length control field | 00363nam a22001577a 4500 |
| 003 - CONTROL NUMBER IDENTIFIER | |
| control field | SGT |
| 020 ## - INTERNATIONAL STANDARD BOOK NUMBER | |
| International Standard Book Number | 978-81-222-0583-1 |
| 082 ## - DEWEY DECIMAL CLASSIFICATION NUMBER | |
| Classification number | 613.70 |
| Item number | C19A |
| 100 ## - MAIN ENTRY--PERSONAL NAME | |
| Personal name | ANANDA, ,SRI |
| 245 ## - TITLE STATEMENT | |
| Title | THE COMPLETE BOOK OF YOGA |
| 260 ## - PUBLICATION, DISTRIBUTION, ETC. (IMPRINT) | |
| Place of publication, distribution, etc | DELHI |
| Name of publisher, distributor, etc | ORIENT PAPERBACK |
| Year of Publication | 2019 |
| 300 ## - PAGE DESCRIPTION | |
| No. of Pages | 216 |
| 650 ## - SUBJECT ADDED ENTRY--TOPICAL TERM | |
| Topical term or geographic name as entry element | YOGA |
| 653 ## - KEYWORDS--INDEX TERM | |
| Keyword term | YOGA, MEDITATION, YOGASHAN |
| 942 ## - ADDED ENTRY ELEMENTS (KOHA) | |
| Source of classification or shelving scheme | Dewey Decimal Classification |
| Koha item type | Books |
| 942 ## - ADDED ENTRY ELEMENTS (KOHA) | |
| -- | 14 |
| Withdrawn status | Lost status | Source of classification or shelving scheme | Damaged status | Use restrictions | Not for loan | Collection code | Home library | Current library | Shelving location | Date acquired | Vendor Name | Cost, normal purchase price | SGTU | Bill Number | Full call number | Accession No. (Barcode) | Date last seen | Bill Date | Koha item type | Total Checkouts | Date last borrowed |
|---|---|---|---|---|---|---|---|---|---|---|---|---|---|---|---|---|---|---|---|---|---|
| Dewey Decimal Classification | Restricted Access | AYURVEDA | SGT FA-FP Library | SGT FA-FP Library | Reference Book | 05/03/2022 | SAVERA BOOK DISTRIBUTERS | 540.00 | SGTU | 21-22/CRB/504 | 613.70 C19A | FA11046 | 05/03/2022 | 31/01/2022 | Books | ||||||
| Dewey Decimal Classification | AYURVEDA | SGT FA-FP Library | SGT FA-FP Library | Text Book | 05/03/2022 | SAVERA BOOK DISTRIBUTERS | 540.00 | SGTU | 21-22/CRB/504 | 613.70 C19A | FA11047 | 06/02/2026 | 31/01/2022 | Books | 15 | 06/02/2026 | |||||
| Dewey Decimal Classification | AYURVEDA | SGT FA-FP Library | SGT FA-FP Library | Text Book | 05/03/2022 | SAVERA BOOK DISTRIBUTERS | 540.00 | SGTU | 21-22/CRB/504 | 613.70 C19A | FA11048 | 20/01/2026 | 31/01/2022 | Books | 10 | 16/01/2026 | |||||
| Dewey Decimal Classification | AYURVEDA | SGT FA-FP Library | SGT FA-FP Library | Text Book | 05/03/2022 | SAVERA BOOK DISTRIBUTERS | 540.00 | SGTU | 21-22/CRB/504 | 613.70 C19A | FA11049 | 27/05/2025 | 31/01/2022 | Books | 7 | 27/05/2025 | |||||
| Dewey Decimal Classification | AYURVEDA | SGT FA-FP Library | SGT FA-FP Library | Text Book | 05/03/2022 | SAVERA BOOK DISTRIBUTERS | 540.00 | SGTU | 21-22/CRB/504 | 613.70 C19A | FA11050 | 27/05/2025 | 31/01/2022 | Books | 3 | 27/05/2025 |